RICS global distressed property monitor (Record no. 112760)

MARC details
000 -LEADER
fixed length control field 01488cad a22002295a 4500
001 - CONTROL NUMBER
control field L153906
008 - FIXED-LENGTH DATA ELEMENTS--GENERAL INFORMATION
fixed length control field 110919s2011 xxk 000 0 eng d
035 ## - SYSTEM CONTROL NUMBER
System control number (Sirsi) u153906
041 0# - LANGUAGE CODE
Language code of text/sound track or separate title eng
050 04 - LIBRARY OF CONGRESS CALL NUMBER
Classification number 333.33 $2 18
110 2# - MAIN ENTRY--CORPORATE NAME
Corporate name or jurisdiction name as entry element Royal Institution of Chartered Surveyors
Subordinate unit Economics
9 (RLIN) 5033
245 00 - TITLE STATEMENT
Title RICS global distressed property monitor
Remainder of title Q2 2011
Medium [electronic resource]
260 ## - PUBLICATION, DISTRIBUTION, ETC.
Place of publication, distribution, etc. London
Name of publisher, distributor, etc. RICS
Date of publication, distribution, etc. 2011
490 #0 - SERIES STATEMENT
Series statement RICS Global Distressed Property Monitor
Volume/sequential designation Q2 2011
520 ## - SUMMARY, ETC.
Summary, etc. The Q2 RICS Distressed Property Monitor shows the level of distressed properties coming to market continuing to rise globally. Fifteen of the 25 countries reported on indicated the supply of distressed property was expected to increase in Q3 2011, most prominently in the Republic of Ireland followed by Spain, Italy, Hungary and Portugal. Respondents in Africa and the Middle East expect more distressed sales next quarter compared to last. In contrast, commercial real estate markets appear more stable in non-Japan Asia, Latin America and Russia where the expected supply of foreclosed properties is set to decline.
590 ## - LOCAL NOTE (RLIN)
Local note KA
651 #4 - SUBJECT ADDED ENTRY--GEOGRAPHIC NAME
Geographic name International
690 ## - LOCAL SUBJECT ADDED ENTRY--TOPICAL TERM (OCLC, RLIN)
Topical term or geographic name as entry element PROPERTY-COMMERCIAL PROPERTY-COMMERCIAL PROPERTY FINANCE AND INVESTMENT
690 ## - LOCAL SUBJECT ADDED ENTRY--TOPICAL TERM (OCLC, RLIN)
Topical term or geographic name as entry element PROPERTY-COMMERCIAL PROPERTY-COMMERCIAL PROPERTY MARKET
856 40 - ELECTRONIC LOCATION AND ACCESS
Uniform Resource Identifier <a href="https://www.rics.org/site/download_feed.aspx?fileID=10249&fileExtension=PDF">https://www.rics.org/site/download_feed.aspx?fileID=10249&fileExtension=PDF</a>
Public note View the document free of charge (pdf file) at www.rics.org
942 ## - ADDED ENTRY ELEMENTS (KOHA)
Suppress in OPAC 0
Holdings
Withdrawn status Lost status Source of classification or shelving scheme Damaged status Not for loan Home library Current library Shelving location Date acquired Total Checkouts Full call number Barcode Date last seen Copy number Price effective from Koha item type
    Dewey Decimal Classification     Virtual Virtual Online 19/09/2011   ONLINE PUBLICATION 153906-2001 06/08/2019 1 06/08/2019 Book